000 00760nam a2200205 a 4500
008 100119s2007 ||||||||||||||||| || u
020 _a9780750680639
050 _aNA 2542.3 Mit
100 _aVale, Robert
245 1 0 _aSustainable living: the role of whole life costs and values.
260 _aOxford:
_bElsevier Butterworh-Heinemann
_c2007
300 _axi, 233p.: ill.
350 _a0.00
650 _aARCHITECTURAL DESIGN--EVALUATION
650 _aSUSTAINABLE ARCHITECTURE
650 _aSUSTAINABLE BUILDINGS
700 _aVale, Brenda
700 _aMithraratne, Nalanie
995 _D0.00
_FCBU-MAIN LIBRARY (Kitwe)
_H1
_I0.00
_M1
_UAVAILABLE
_WApr 15, 2010
_ZMain Library Open Access Collection
999 _c59246
_d59246